Statistics of random processes /

Guardado en:
Autor Principal: Liptser, R. Sh.
Otros Autores: Shiriaev, Al´bert Nikolaevich.
Formato: Libro
Idioma:English
Russian
Publicado: New York : Springer-Verlag, c1977-c1978.
Series:Applications of mathematics ; 5-6
Materias:
Etiquetas: Agregar Etiqueta
Sin Etiquetas, Sea el primero en etiquetar este registro!
LEADER 01285cam a2200337 a 4500
001 MAT.inmabb002891
008 761014m19771978nyu######b####001#0#eng##
005 20130312102517.0
245 1 0 |a Statistics of random processes /  |c R. S. Liptser, A. N. Shiryayev ; translated by A. B. Aries. 
260 |a New York :  |b Springer-Verlag,  |c c1977-c1978. 
300 |a 2 v. ;  |c 24 cm. 
440 0 |a Applications of mathematics ;  |v 5-6 
500 |a Traducción, revisada y expandida, de: Statistika sluchainykh protsessov. Moskva : Nauka, 1974. 
504 |a Incluye referencias bibliográficas. 
505 0 |a 1. General theory -- 2. Applications. 
510 4 |a MR,  |c 57 #14125  |3 (v. 1) 
510 4 |a MR,  |c 58 #7827  |3 (v. 2) 
020 |a 0387902260 (v. 1) 
020 |a 0387902368 (v. 2) 
100 1 |a Liptser, R. Sh.  |q (Robert Shevilevich) 
240 1 0 |a Statistika sluchainykh protsessov.  |l Inglés 
700 1 |a Shiriaev, Al´bert Nikolaevich. 
650 0 |a Stochastic processes. 
650 0 |a Mathematical statistics. 
084 |a 60G35 (60G45 60H10 93EXX)  |2 MR 
084 |a 60G35 (62L10 93E20)  |2 MR 
010 |a  76049817  
040 |a DLC  |c DLC  |d DLC 
041 1 |a eng  |h rus 
859 |h 60  |i L767  |p A-4979  |v 1  |3 Vol. 1  |b BIB. MATEMATICA 
859 |h 60  |i L767  |p A-4980  |v 2  |3 Vol. 2  |b BIB. MATEMATICA